Body of lies

When a government official requests her skills at reconstruction to identify an unknown murder victim, forensic sculptor Eve Duncan is drawn into a web of betrayal and murder as she tries to unlock the secrets that someone wants to keep hidden.

সংরক্ষণ করুন:
গ্রন্থ-পঞ্জীর বিবরন
প্রধান লেখক: Johansen, Iris
বিন্যাস: গ্রন্থ
ভাষা:Undetermined
প্রকাশিত: New York Random House, Inc 2002
বিষয়গুলি:
ট্যাগগুলো: ট্যাগ যুক্ত করুন
কোনো ট্যাগ নেই, প্রথমজন হিসাবে ট্যাগ করুন!
Thư viện lưu trữ: Trung tâm Học liệu Trường Đại học Cần Thơ
LEADER 00992nam a2200217Ia 4500
001 CTU_171138
008 210402s9999 xx 000 0 und d
020 |c 143000 
082 |a 813.54 
082 |b J65/T.4 
100 |a Johansen, Iris 
245 0 |a Body of lies 
245 0 |c by Iris Johansen ; Read by Cherry Jones 
260 |a New York 
260 |b Random House, Inc 
260 |c 2002 
520 |a When a government official requests her skills at reconstruction to identify an unknown murder victim, forensic sculptor Eve Duncan is drawn into a web of betrayal and murder as she tries to unlock the secrets that someone wants to keep hidden. 
650 |a Facial reconstruction (Anthropology),Duncan, Eve (Fictitious character),Tái tạo khuôn mặt (Nhân loại học),Eve Duncan (Nhân vật hư cấu) 
650 |x Fiction,Fiction,Tiểu thuyết,Tiểu thuyết 
904 |i Phỉ, Năm 
980 |a Trung tâm Học liệu Trường Đại học Cần Thơ